00558nam a2200145 a 450000500170000000800410001702000180005805000210007610000180009724500890011526000460020444000310025099900190028195201120030020140412111423.0080201s19uu xx 00 eng d a971-518-126-6 aFil EbBo63 2007 aPastor, Boots aThe boy who cried wolf :bAng Batang nagsinungaling tungkol sa Lobo /cBoots Pastor. aPhilippines :bLampara Publishing,c2007. aStories with moral lessons c106142d106142 001040aELbELcFILd2008-02-01eDonationl0oFil E Bo63 2007pE11278r2014-04-12 00:00:00w2014-04-12yBK